[Event "49th Rilton Cup 2019-20"]
[Site "Stockholm"]
[Date "2019.12.27"]
[Round "1.20"]
[White "Petersson, Baldur Teodor"]
[Black "Alexakis, Dimitrios"]
[Result "0-1"]
[WhiteElo "2247"]
[BlackElo "2093"]
[Annotator "NA"]
[PlyCount "56"]
[EventDate "2019.12.27"]
[EventType "swiss"]
[EventCountry "SWE"]
[SourceTitle "playchess.com"]
[Source "ChessBase"]
[SourceQuality "1"]
[TimeControl "30/5400+30:1800+30"]

1. e4 {[%emt 0:00:00]} c5 {[%emt 0:00:00]} 2. Nf3 {[%emt 0:00:00]} Nc6 {[%emt 0:00:00]} 3. d3 {[%emt 0:00:00]} g6 {[%emt 0:04:36]} 4. g3 {[%emt 0:00:14]} Bg7 {[%emt 0:02:28]} 5. Bg2 {[%emt 0:00:14]} Nf6 {[%emt 0:01:07]} 6. O-O {[%emt 0:00:26]} O-O {[%emt 0:00:04]} 7. c3 {[%emt 0:01:46]} d6 {[%emt 0:02:59]} 8. Re1 {[%emt 0:00:30]} Bd7 {[%emt 0:26:15]} 9. d4 {[%emt 0:03:51]} cxd4 {[%emt 0:05:03]} 10. cxd4 {[%emt 0:00:08]} Bg4 {[%emt 0:01:16]} 11. Nc3 {[%emt 0:16:06]} Qb6 {[%emt 0:29:33]} 12. d5 {[%emt 0:20:48]} Ne5 {[%emt 0:00:12]} 13. Rb1 {[%emt 0:00:57]} Nfd7 {[%emt 0:00:58]} 14. Be3 {[%emt 0:09:11]} Qa6 {[%emt 0:01:43]} 15. h3 {[%emt 0:01:55]} Bxf3 {[%emt 0:02:23]} 16. Bxf3 {[%emt 0:00:07]} Nxf3+ {[%emt 0:00:37]} 17. Qxf3 {[%emt 0:00:08]} Ne5 {[%emt 0:00:04]} 18. Qd1 {[%emt 0:07:25]} Rfc8 {[%emt 0:07:45]} 19. Kg2 {[%emt 0:12:21]} b6 {[%emt 0:08:27]} 20. Qb3 {[%emt 0:01:42]} Nd3 {[%emt 0:00:40]} 21. Rh1 {[%emt 0:04:21]} Qc4 {[%emt 0:02:18]} 22. Qxc4 {[%emt 0:04:09]} Rxc4 {[%emt 0:00:02]} 23. Bd2 {[%emt 0:00:09]} Rac8 {[%emt 0:01:08]} 24. b3 {[%emt 0:00:43]} Rxc3 {[%emt 0:00:29]} 25. Bxc3 {[%emt 0:00:05]} Rxc3 {[%emt 0:00:04]} 26. Rhd1 {[%emt 0:00:52]} Nc5 {[%emt 0:00:30]} 27. Re1 {[%emt 0:02:58]} Rc2 {[%emt 0:00:09]} 28. Rbc1 {[%emt 0:00:15]} Nd3 {[%emt 0:00:04]} 0-1

[Event "49th Rilton Cup 2019-20"]
[Site "Stockholm"]
[Date "2019.12.27"]
[Round "1.21"]
[White "Keinanen, Toivo"]
[Black "Levi, Netanel"]
[Result "1-0"]
[WhiteElo "2447"]
[BlackElo "2247"]
[Annotator "NA RC"]
[PlyCount "53"]
[EventDate "2019.12.27"]
[EventType "swiss"]
[EventCountry "SWE"]
[SourceTitle "playchess.com"]
[Source "ChessBase"]
[SourceQuality "1"]
[TimeControl "30/5400+30:1800+30"]

1. b3 {[%emt 0:00:00]} e5 {[%emt 0:00:00]} 2. Bb2 {[%emt 0:01:42]} Nc6 {[%emt 0:01:48]} 3. Nf3 {[%emt 0:00:17]} e4 {[%emt 0:01:24]} 4. Nd4 {[%emt 0:00:05]} Nxd4 {[%emt 0:02:46]} 5. Bxd4 {[%emt 0:00:09]} d5 {[%emt 0:02:22]} 6. e3 {[%emt 0:00:12]} Nf6 {[%emt 0:07:55]} 7. c4 {[%emt 0:00:12]} c6 {[%emt 0:10:26]} 8. Nc3 {[%emt 0:09:37]} Be7 {[%emt 0:02:07]} 9. cxd5 {[%emt 0:00:45]} cxd5 {[%emt 0:00:19]} 10. Bb5+ {[%emt 0:01:14]} Bd7 {[%emt 0:00:34]} 11. Bxd7+ {[%emt 0:00:39]} Qxd7 {[%emt 0:00:10]} 12. d3 {[%emt 0:00:40]} Qf5 {[%emt 0:07:20]} 13. O-O {[%emt 0:08:49]} O-O {[%emt 0:03:49]} 14. dxe4 {[%emt 0:07:35]} dxe4 {[%emt 0:03:56]} 15. Rc1 {[%emt 0:04:35]} Nd5 {[%emt 0:06:17]} 16. Bxg7 {[%emt 0:05:51]} Rfd8 {[%emt 0:04:19]} 17. Bd4 {[%emt 0:02:47]} Bf6 {[%emt 0:04:49]} 18. Ne2 {[%emt 0:03:14]} Nb4 {[%emt 0:04:18]} 19. f3 {[%emt 0:12:13]} Bxd4 {[%emt 0:10:44]} 20. Nxd4 {[%emt 0:01:13]} Qg6 {[%emt 0:06:12]} 21. fxe4 {[%emt 0:04:29]} Qxe4 {[%emt 0:01:15]} 22. Qe1 {[%emt 0:00:31]} Nd3 {[%emt 0:10:26]} 23. Qg3+ {[%emt 0:00:13]} Qg6 {[%emt 0:00:02]} 24. Rc7 {[%emt 0:02:31]} Re8 {[%emt 0:01:50]} 25. Rfxf7 {[%emt 0:01:06]} Qxg3 {[%emt 0:00:49]} 26. hxg3 {[%emt 0:03:22]} Rxe3 {[%emt 0:00:25]} 27. Rg7+ {[%emt 0:00:47]} 1-0

[Event "49th Rilton Cup 2019-20"]
[Site "Stockholm"]
[Date "2019.12.27"]
[Round "1.22"]
[White "Chan, Kim Yew"]
[Black "Seo, Jung Min"]
[Result "1/2-1/2"]
[WhiteElo "2245"]
[BlackElo "2444"]
[Annotator "NA"]
[PlyCount "52"]
[EventDate "2019.12.27"]
[EventType "swiss"]
[EventCountry "SWE"]
[SourceTitle "playchess.com"]
[Source "ChessBase"]
[SourceQuality "1"]
[TimeControl "30/5400+30:1800+30"]

1. Nf3 {[%emt 0:00:00]} Nf6 {[%emt 0:00:00]} 2. g3 {[%emt 0:00:00]} g6 {[%emt 0:01:02]} 3. Bg2 {[%emt 0:00:00]} Bg7 {[%emt 0:00:03]} 4. O-O {[%emt 0:00:11]} O-O {[%emt 0:00:08]} 5. c4 {[%emt 0:00:04]} d6 {[%emt 0:00:28]} 6. d4 {[%emt 0:00:06]} Nc6 {[%emt 0:00:05]} 7. Nc3 {[%emt 0:00:04]} a6 {[%emt 0:00:05]} 8. d5 {[%emt 0:00:50]} Na5 {[%emt 0:00:08]} 9. b3 {[%emt 0:00:11]} c5 {[%emt 0:00:28]} 10. dxc6 {[%emt 0:00:12]} Nxc6 {[%emt 0:02:05]} 11. Bb2 {[%emt 0:00:17]} Rb8 {[%emt 0:01:01]} 12. Qc1 {[%emt 0:04:37]} Qa5 {[%emt 0:03:59]} 13. Rd1 {[%emt 0:02:14]} b5 {[%emt 0:05:36]} 14. Nd5 {[%emt 0:07:06]} Nxd5 {[%emt 0:01:18]} 15. cxd5 {[%emt 0:06:47]} Bxb2 {[%emt 0:03:49]} 16. Qxb2 {[%emt 0:01:42]} Na7 {[%emt 0:00:09]} 17. Qd4 {[%emt 0:18:56]} Rb7 {[%emt 0:01:59]} 18. b4 {[%emt 0:00:40]} Qd8 {[%emt 0:02:07]} 19. Rac1 {[%emt 0:03:27]} Bd7 {[%emt 0:00:33]} 20. Qe3 {[%emt 0:05:49]} Kg7 {[%emt 0:01:37]} 21. Qc3+ {[%emt 0:03:58]} Kg8 {[%emt 0:00:10]} 22. Qe3 {[%emt 0:01:52]} Kg7 {[%emt 0:00:04]} 23. Qc3+ {[%emt 0:14:21]} Kg8 {[%emt 0:00:04]} 24. Qd2 {[%emt 0:01:42]} Kg7 {[%emt 0:01:40]} 25. Qc3+ {[%emt 0:02:24]} Kg8 {[%emt 0:00:03]} 26. Qe3 {[%emt 0:00:26]} Kg7 {[%emt 0:00:14]} 1/2-1/2

[Event "49th Rilton Cup 2019-20"]
[Site "Stockholm"]
[Date "2019.12.27"]
[Round "1.24"]
[White "Dev, Shah"]
[Black "Oratovsky, Michael"]
[Result "1/2-1/2"]
[WhiteElo "2242"]
[BlackElo "2423"]
[Annotator "NA"]
[PlyCount "61"]
[EventDate "2019.12.27"]
[EventType "swiss"]
[EventCountry "SWE"]
[SourceTitle "playchess.com"]
[Source "ChessBase"]
[SourceQuality "1"]
[TimeControl "30/5400+30:1800+30"]

1. d4 {[%emt 0:00:48]} d6 {[%emt 0:00:00]} 2. c4 {[%emt 0:00:07]} e5 {[%emt 0:00:00]} 3. Nc3 {[%emt 0:00:11]} exd4 {[%emt 0:00:00]} 4. Qxd4 {[%emt 0:00:08]} Nc6 {[%emt 0:00:35]} 5. Qd2 {[%emt 0:00:08]} Nf6 {[%emt 0:00:11]} 6. b3 {[%emt 0:00:23]} a5 {[%emt 0:00:08]} 7. Bb2 {[%emt 0:00:11]} a4 {[%emt 0:00:11]} 8. Rd1 {[%emt 0:00:06]} axb3 {[%emt 0:01:03]} 9. axb3 {[%emt 0:00:09]} g6 {[%emt 0:02:06]} 10. g3 {[%emt 0:09:45]} Bg7 {[%emt 0:04:10]} 11. Bg2 {[%emt 0:00:12]} O-O {[%emt 0:01:01]} 12. Nf3 {[%emt 0:00:29]} Nd7 {[%emt 0:08:40]} 13. Na4 {[%emt 0:04:40]} Nde5 {[%emt 0:25:19]} 14. Nxe5 {[%emt 0:03:21]} Nxe5 {[%emt 0:01:18]} 15. O-O {[%emt 0:00:15]} Nxc4 {[%emt 0:35:00]} 16. bxc4 {[%emt 0:00:11]} Rxa4 {[%emt 0:00:04]} 17. Bxg7 {[%emt 0:00:38]} Kxg7 {[%emt 0:00:05]} 18. c5 {[%emt 0:00:13]} Ra6 {[%emt 0:06:48]} 19. Bxb7 {[%emt 0:01:48]} Bxb7 {[%emt 0:00:23]} 20. Qb2+ {[%emt 0:00:01]} Qf6 {[%emt 0:00:30]} 21. Qxb7 {[%emt 0:00:11]} dxc5 {[%emt 0:00:17]} 22. Rc1 {[%emt 0:05:38]} Ra2 {[%emt 0:05:59]} 23. Qxc7 {[%emt 0:00:46]} Rxe2 {[%emt 0:00:18]} 24. Qxc5 {[%emt 0:00:07]} Rfe8 {[%emt 0:01:04]} 25. Qc3 {[%emt 0:01:29]} R8e6 {[%emt 0:03:46]} 26. Qxf6+ {[%emt 0:00:31]} Rxf6 {[%emt 0:00:10]} 27. Kg2 {[%emt 0:00:53]} h5 {[%emt 0:00:17]} 28. h4 {[%emt 0:00:19]} Rf5 {[%emt 0:00:16]} 29. Rc3 {[%emt 0:00:35]} Rf6 {[%emt 0:00:05]} 30. Rf3 {[%emt 0:00:22]} Rxf3 {[%emt 0:00:07]} 31. Kxf3 {[%emt 0:30:13]} 1/2-1/2

[Event "49th Rilton Cup 2019-20"]
[Site "Stockholm"]
[Date "2019.12.28"]
[Round "2.1"]
[White "Haug, Johannes"]
[Black "Kollars, Dmitrij"]
[Result "1/2-1/2"]
[WhiteElo "2407"]
[BlackElo "2584"]
[Annotator "ChessBase"]
[PlyCount "71"]
[EventDate "2019.12.27"]
[EventType "swiss"]
[EventCountry "SWE"]
[SourceTitle "playchess.com"]
[Source "ChessBase"]
[SourceQuality "1"]
[TimeControl "40/5400+30:1800+30"]

1. d4 {[%emt 0:00:00]} Nf6 {[%emt 0:00:52]} 2. c4 {[%emt 0:00:00]} g6 {[%emt 0:00:29]} 3. Nf3 {[%emt 0:00:45]} Bg7 {[%emt 0:00:05]} 4. g3 {[%emt 0:00:14]} O-O {[%emt 0:00:12]} 5. Bg2 {[%emt 0:00:33]} d5 {[%emt 0:00:45]} 6. cxd5 {[%emt 0:00:28]} Nxd5 {[%emt 0:00:05]} 7. O-O {[%emt 0:00:45]} Nc6 {[%emt 0:00:20]} 8. e4 {[%emt 0:00:55]} Nb6 {[%emt 0:01:32]} 9. d5 {[%emt 0:02:10]} Na5 {[%emt 0:00:07]} 10. Nc3 {[%emt 0:01:27]} c6 {[%emt 0:00:10]} 11. Bf4 {[%emt 0:00:59]} Nac4 {[%emt 0:01:06]} 12. Qe2 {[%emt 0:01:08]} e5 {[%emt 0:00:27]} 13. dxe6 {[%emt 0:04:35]} Bxe6 {[%emt 0:00:09]} 14. Rac1 {[%emt 0:15:57]} Bg4 {[%emt 0:08:54]} 15. h3 {[%emt 0:10:24]} Bxf3 {[%emt 0:00:41]} 16. Bxf3 {[%emt 0:03:50]} Qe7 {[%emt 0:06:15]} 17. b3 {[%emt 0:05:11]} Ne5 {[%emt 0:02:07]} 18. Bg2 {[%emt 0:00:47]} Rad8 {[%emt 0:13:47]} 19. Rfd1 {[%emt 0:04:12]} Rfe8 {[%emt 0:15:55]} 20. Be3 {[%emt 0:08:03]} Rxd1+ {[%emt 0:01:25]} 21. Rxd1 {[%emt 0:01:40]} Ned7 {[%emt 0:02:24]} 22. Qc2 {[%emt 0:04:22]} h5 {[%emt 0:08:41]} 23. f4 {[%emt 0:10:00]} h4 {[%emt 0:06:50]} 24. g4 {[%emt 0:00:12]} Nf8 {[%emt 0:01:04]} 25. e5 {[%emt 0:06:37]} g5 {[%emt 0:00:55]} 26. fxg5 {[%emt 0:04:39]} Qxe5 {[%emt 0:02:47]} 27. Ne4 {[%emt 0:00:51]} Ne6 {[%emt 0:00:21]} 28. Qf2 {[%emt 0:05:29]} Nd5 {[%emt 0:01:19]} 29. Rf1 {[%emt 0:00:18]} Qc7 {[%emt 0:09:11]} 30. Nd6 {[%emt 0:03:32]} Rd8 {[%emt 0:05:55]} 31. Nxf7 {[%emt 0:02:22]} Nxe3 {[%emt 0:02:29]} 32. Nxd8 {[%emt 0:00:17]} Qxd8 {[%emt 0:00:32]} 33. Qf7+ {[%emt 0:01:12]} Kh8 {[%emt 0:00:01]} 34. Qh5+ {[%emt 0:01:05]} Kg8 {[%emt 0:00:02]} 35. Qf7+ {[%emt 0:00:13]} Kh8 {[%emt 0:00:02]} 36. Qh5+ {[%emt 0:01:04]} 1/2-1/2

[Event "49th Rilton Cup 2019-20"]
[Site "Stockholm"]
[Date "2019.12.28"]
[Round "2.2"]
[White "Lindberg, Bengt"]
[Black "Thybo, Jesper Sondergaard"]
[Result "0-1"]
[WhiteElo "2401"]
[BlackElo "2576"]
[Annotator "ChessBase"]
[PlyCount "62"]
[EventDate "2019.12.27"]
[EventType "swiss"]
[EventCountry "SWE"]
[SourceTitle "playchess.com"]
[Source "ChessBase"]
[SourceQuality "1"]
[TimeControl "40/5400+30:1800+30"]

1. e4 {[%emt 0:00:00]} c5 {[%emt 0:00:00]} 2. Nf3 {[%emt 0:00:00]} d6 {[%emt 0:00:00]} 3. d4 {[%emt 0:00:00]} cxd4 {[%emt 0:00:00]} 4. Nxd4 {[%emt 0:00:10]} Nf6 {[%emt 0:00:00]} 5. Nc3 {[%emt 0:00:16]} Nc6 {[%emt 0:00:00]} 6. Bg5 {[%emt 0:00:22]} e6 {[%emt 0:00:07]} 7. Qd2 {[%emt 0:00:23]} a6 {[%emt 0:00:09]} 8. O-O-O {[%emt 0:00:26]} Bd7 {[%emt 0:00:13]} 9. f3 {[%emt 0:00:31]} Nxd4 {[%emt 0:00:13]} 10. Qxd4 {[%emt 0:00:18]} Be7 {[%emt 0:00:08]} 11. h4 {[%emt 0:02:38]} Qc7 {[%emt 0:00:17]} 12. Kb1 {[%emt 0:04:46]} b5 {[%emt 0:00:22]} 13. Qd2 {[%emt 0:10:56]} b4 {[%emt 0:01:25]} 14. Ne2 {[%emt 0:00:11]} a5 {[%emt 0:00:07]} 15. Bxf6 {[%emt 0:16:50]} gxf6 {[%emt 0:14:31]} 16. Nd4 {[%emt 0:00:12]} Qc5 {[%emt 0:01:00]} 17. f4 {[%emt 0:12:26]} Rg8 {[%emt 0:11:05]} 18. Rh3 {[%emt 0:16:37]} a4 {[%emt 0:05:08]} 19. Re3 {[%emt 0:05:34]} Bd8 {[%emt 0:03:40]} 20. Nf3 {[%emt 0:04:06]} Bc7 {[%emt 0:10:41]} 21. b3 {[%emt 0:07:25]} Ke7 {[%emt 0:04:58]} 22. Rd3 {[%emt 0:08:14]} Ra5 {[%emt 0:07:23]} 23. Rd4 {[%emt 0:02:27]} Rga8 {[%emt 0:02:09]} 24. Bc4 {[%emt 0:00:57]} axb3 {[%emt 0:08:29]} 25. Bxb3 {[%emt 0:00:02]} Rxa2 {[%emt 0:01:57]} 26. Bxa2 {[%emt 0:06:24]} Qa5 {[%emt 0:00:01]} 27. c4 {[%emt 0:00:41]} bxc3 {[%emt 0:00:13]} 28. Qe2 {[%emt 0:00:27]} Rb8+ {[%emt 0:01:39]} 29. Ka1 {[%emt 0:00:29]} Rb2 {[%emt 0:00:22]} 30. Qc4 {[%emt 0:00:22]} Bb5 {[%emt 0:01:34]} 31. Qxc7+ {[%emt 0:00:46]} Qxc7 {[%emt 0:00:06]} 0-1

[Event "49th Rilton Cup 2019-20"]
[Site "Stockholm"]
[Date "2019.12.28"]
[Round "2.3"]
[White "Meshkovs, Nikita"]
[Black "Spyropoulos, Nikolaos"]
[Result "1/2-1/2"]
[WhiteElo "2558"]
[BlackElo "2401"]
[Annotator "TA"]
[PlyCount "74"]
[EventDate "2019.12.27"]
[EventType "swiss"]
[EventCountry "SWE"]
[SourceTitle "playchess.com"]
[Source "ChessBase"]
[SourceQuality "1"]

{[%evp 14,74,-6,-15,-34,-37,-39,-33,-27,-102,-106,-118,-124,-189,-152,-192,-163,-194,-188,-186,-181,-185,-184,-210,-150,-158,-169,-167,-113,-104,-116,-99,-94,-124,-100,-250,-135,-196,-105,-110,-109,-105,-106,-132,-1,0,0,-111,-111,-122,-119,-145,-145,-145,-145,-130,-140,-142,0,-130,0,-111,0]} 1. c4 e6 2. Nf3 Nf6 3. Nc3 d5 4. d4 c6 5. e3 Nbd7 {[%cal Bb8d7,Bd7e5,Be5c4][%mdl 32]} 6. Qc2 Bd6 7. g4 h6 8. Rg1 e5 {D45: Semi-Slav: 5 e3} 9. h3 (9. cxd5 cxd5 10. Nb5 Bb8 11. g5 hxg5 12. Nxg5 e4 13. Bd2 Nb6 14. Qc5 Bd7 15. Nd6+ Bxd6 16. Qxd6 {½-½ (30) Rapport,R (2752)-Ragger,M (2697) Baku 2016}) 9... exd4 $146 ({Predecessor:} 9... O-O 10. Bd2 exd4 11. Nxd4 Ne5 12. O-O-O Nxc4 13. Bxc4 dxc4 14. g5 hxg5 15. Rxg5 Re8 16. Nf3 Bf8 17. Ne5 b5 18. Rdg1 b4 19. Ne4 Nxe4 20. Qxe4 Qd5 21. Qf4 c3 22. bxc3 f5 23. Rxg7+ {½-½ (23) Aguiar Garcia,J (2437)-Mercadal Benejam,J (2398) ICCF email 2016}) 10. Nxd4 Ne5 {Black is slightly better.} 11. Be2 (11. cxd5 $11 {keeps the balance.} cxd5 12. Bd2) 11... Nxc4 $17 12. b3 {[#]} Na3 $1 {[%cal Ra3c2]} 13. Qb2 (13. Qd3 $17) 13... a6 {[%cal Ba7a6,Ba6b5][%mdl 32]} 14. Bd2 Nb5 15. Ncxb5 axb5 16. Bd3 Qe7 17. b4 Ne4 18. Bxe4 dxe4 19. Bc3 f6 20. O-O-O Bd7 ({Better is} 20... Bh2 $19 21. Rg2 Be5) 21. Nf5 Bxf5 $1 22. gxf5 O-O 23. Rg6 {Threatening Rdg1.} Be5 24. Rg4 (24. Bxe5 $17 fxe5 25. Re6) 24... Rad8 (24... Bxc3 $19 25. Qxc3 Rad8) 25. Qb3+ (25. Bxe5 $17 {was necessary.} fxe5 26. Rdg1 Rxf5 27. Rxg7+ Qxg7 28. Rxg7+ Kxg7 29. Qc2) 25... Qf7 (25... Kh8 $19 {And now ...Rxd1+ would win.} 26. Rxe4 Rxd1+ 27. Qxd1 Qf7 28. Bxe5 fxe5) 26. Rxd8 Rxd8 27. Bxe5 fxe5 28. Rxe4 Qxb3 ({Black should play} 28... Rd5 $17 29. Rg4 h5) 29. axb3 {[%mdl 4096] Endgame KR-KR} Rd5 30. Rg4 {[#]} (30. Kc2 $11) 30... Kf7 $1 31. Kc2 {[#]} e4 $1 {[%mdl 512]} 32. Rxe4 Rxf5 33. f4 Rh5 34. Rd4 Ke7 35. Re4+ Kf7 36. Rd4 Ke7 37. Re4+ $1 Kf7 {Accuracy: White = 48%, Black = 49%.} (37... Kd7 $17 38. Kd3 Rxh3 39. Rd4+ Ke6 40. Re4+ Kf6) 1/2-1/2

[Event "49th Rilton Cup 2019-20"]
[Site "Stockholm"]
[Date "2019.12.28"]
[Round "2.4"]
[White "Quesada Vera, Liordis"]
[Black "Urkedal, Frode Olav Olsen"]
[Result "0-1"]
[WhiteElo "2391"]
[BlackElo "2545"]
[Annotator "ChessBase"]
[PlyCount "56"]
[EventDate "2019.12.27"]
[EventType "swiss"]
[EventCountry "SWE"]
[SourceTitle "playchess.com"]
[Source "ChessBase"]
[SourceQuality "1"]
[TimeControl "40/5400+30:1800+30"]

1. e4 {[%emt 0:02:46]} e5 {[%emt 0:00:00]} 2. Nc3 {[%emt 0:00:08]} Nf6 {[%emt 0:00:00]} 3. g3 {[%emt 0:00:11]} Bc5 {[%emt 0:00:05]} 4. Bg2 {[%emt 0:00:08]} O-O {[%emt 0:02:12]} 5. Nge2 {[%emt 0:00:59]} c6 {[%emt 0:00:10]} 6. O-O {[%emt 0:18:06]} d5 {[%emt 0:00:13]} 7. exd5 {[%emt 0:00:03]} cxd5 {[%emt 0:00:05]} 8. d4 {[%emt 0:00:07]} exd4 {[%emt 0:00:04]} 9. Na4 {[%emt 0:00:19]} Be7 {[%emt 0:04:42]} 10. Nxd4 {[%emt 0:00:49]} Bg4 {[%emt 0:00:06]} 11. f3 {[%emt 0:22:57]} Bd7 {[%emt 0:01:09]} 12. Nc3 {[%emt 0:00:04]} Qb6 {[%emt 0:06:22]} 13. Kh1 {[%emt 0:06:59]} Nc6 {[%emt 0:05:00]} 14. Nce2 {[%emt 0:00:24]} Rfe8 {[%emt 0:05:16]} 15. c3 {[%emt 0:03:29]} Rac8 {[%emt 0:00:53]} 16. g4 {[%emt 0:29:30]} h6 {[%emt 0:03:52]} 17. Nc2 {[%emt 0:03:01]} Bc5 {[%emt 0:01:42]} 18. b3 {[%emt 0:02:32]} Ne5 {[%emt 0:02:26]} 19. Ned4 {[%emt 0:00:55]} Bd6 {[%emt 0:06:34]} 20. Bb2 {[%emt 0:01:52]} Ng6 {[%emt 0:01:14]} 21. Qd2 {[%emt 0:00:33]} Bb8 {[%emt 0:01:15]} 22. Rfe1 {[%emt 0:00:29]} h5 {[%emt 0:01:53]} 23. gxh5 {[%emt 0:02:47]} Nxh5 {[%emt 0:00:39]} 24. Rxe8+ {[%emt 0:00:08]} Rxe8 {[%emt 0:00:05]} 25. Re1 {[%emt 0:00:46]} Rxe1+ {[%emt 0:01:37]} 26. Nxe1 {[%emt 0:00:01]} Qf6 {[%emt 0:01:14]} 27. Qf2 {[%emt 0:01:24]} Ne5 {[%emt 0:02:09]} 28. Kg1 {[%emt 0:01:27]} Ng4 {[%emt 0:00:10]} 0-1

[Event "49th Rilton Cup 2019-20"]
[Site "Stockholm"]
[Date "2019.12.28"]
[Round "2.5"]
[White "Moradiabadi, Elshan"]
[Black "Percivaldi, Martin"]
[Result "1-0"]
[WhiteElo "2539"]
[BlackElo "2386"]
[Annotator "ChessBase"]
[PlyCount "67"]
[EventDate "2019.12.27"]
[EventType "swiss"]
[EventCountry "SWE"]
[SourceTitle "playchess.com"]
[Source "ChessBase"]
[SourceQuality "1"]
[TimeControl "40/5400+30:1800+30"]

1. c4 {[%emt 0:01:06]} Nf6 {[%emt 0:00:00]} 2. Nc3 {[%emt 0:01:24]} e5 {[%emt 0:00:25]} 3. Nf3 {[%emt 0:00:03]} Nc6 {[%emt 0:00:12]} 4. e3 {[%emt 0:00:05]} Bb4 {[%emt 0:01:44]} 5. Qc2 {[%emt 0:00:27]} Bxc3 {[%emt 0:00:34]} 6. Qxc3 {[%emt 0:00:02]} Qe7 {[%emt 0:00:17]} 7. a3 {[%emt 0:06:36]} d5 {[%emt 0:03:34]} 8. d4 {[%emt 0:00:13]} exd4 {[%emt 0:01:15]} 9. Nxd4 {[%emt 0:00:02]} Nxd4 {[%emt 0:00:23]} 10. Qxd4 {[%emt 0:00:02]} c5 {[%emt 0:00:18]} 11. Qh4 {[%emt 0:00:05]} O-O {[%emt 0:04:21]} 12. cxd5 {[%emt 0:07:47]} Rd8 {[%emt 0:02:12]} 13. Be2 {[%emt 0:05:42]} Rxd5 {[%emt 0:05:31]} 14. f3 {[%emt 0:02:32]} Be6 {[%emt 0:11:32]} 15. e4 {[%emt 0:04:05]} Rd7 {[%emt 0:00:57]} 16. O-O {[%emt 0:03:04]} Nd5 {[%emt 0:14:13]} 17. Qf2 {[%emt 0:22:05]} Nc7 {[%emt 0:02:13]} 18. Be3 {[%emt 0:02:11]} b6 {[%emt 0:00:11]} 19. f4 {[%emt 0:01:01]} f5 {[%emt 0:04:17]} 20. exf5 {[%emt 0:01:32]} Bxf5 {[%emt 0:00:37]} 21. Rfe1 {[%emt 0:00:19]} Qf6 {[%emt 0:03:40]} 22. b4 {[%emt 0:01:41]} Nd5 {[%emt 0:10:43]} 23. bxc5 {[%emt 0:00:20]} Nxe3 {[%emt 0:00:16]} 24. Qxe3 {[%emt 0:00:01]} bxc5 {[%emt 0:01:39]} 25. Qxc5 {[%emt 0:00:51]} Qd4+ {[%emt 0:02:48]} 26. Qxd4 {[%emt 0:00:01]} Rxd4 {[%emt 0:00:11]} 27. Bf3 {[%emt 0:01:59]} Rad8 {[%emt 0:05:07]} 28. Re7 {[%emt 0:01:13]} Rxf4 {[%emt 0:16:45]} 29. Rxa7 {[%emt 0:00:23]} g5 {[%emt 0:01:43]} 30. a4 {[%emt 0:05:29]} g4 {[%emt 0:01:03]} 31. Ra8 {[%emt 0:00:09]} Rfd4 {[%emt 0:01:12]} 32. Rxd8+ {[%emt 0:00:33]} Rxd8 {[%emt 0:00:01]} 33. Bb7 {[%emt 0:01:03]} Rd7 {[%emt 0:05:59]} 34. Bc8 {[%emt 0:01:01]} 1-0

[Event "49th Rilton Cup 2019-20"]
[Site "Stockholm"]
[Date "2019.12.28"]
[Round "2.6"]
[White "Schekachikhin, Maksim"]
[Black "Kulaots, Kaido"]
[Result "1/2-1/2"]
[WhiteElo "2389"]
[BlackElo "2538"]
[Annotator "ChessBase"]
[PlyCount "84"]
[EventDate "2019.12.27"]
[EventType "swiss"]
[EventCountry "SWE"]
[SourceTitle "playchess.com"]
[Source "ChessBase"]
[SourceQuality "1"]
[TimeControl "40/5400+30:1800+30"]

1. d4 {[%emt 0:00:00]} e6 {[%emt 0:00:42]} 2. c4 {[%emt 0:01:26]} b6 {[%emt 0:00:24]} 3. Nf3 {[%emt 0:01:47]} Bb7 {[%emt 0:00:18]} 4. Nc3 {[%emt 0:00:09]} Nf6 {[%emt 0:01:17]} 5. g3 {[%emt 0:01:18]} Bb4 {[%emt 0:08:09]} 6. Bd2 {[%emt 0:00:32]} O-O {[%emt 0:02:43]} 7. Bg2 {[%emt 0:00:20]} d6 {[%emt 0:02:37]} 8. O-O {[%emt 0:01:40]} Bxc3 {[%emt 0:02:05]} 9. Bxc3 {[%emt 0:00:10]} Be4 {[%emt 0:01:14]} 10. Re1 {[%emt 0:05:16]} Nbd7 {[%emt 0:03:25]} 11. b3 {[%emt 0:06:41]} h6 {[%emt 0:08:26]} 12. Bh3 {[%emt 0:06:24]} Bh7 {[%emt 0:06:59]} 13. Nd2 {[%emt 0:05:03]} d5 {[%emt 0:05:11]} 14. Rc1 {[%emt 0:02:48]} Qe7 {[%emt 0:14:50]} 15. cxd5 {[%emt 0:10:50]} Nxd5 {[%emt 0:01:16]} 16. Bb2 {[%emt 0:03:48]} c5 {[%emt 0:01:21]} 17. Bg2 {[%emt 0:09:08]} Rac8 {[%emt 0:18:56]} 18. Nc4 {[%emt 0:09:30]} N5f6 {[%emt 0:13:02]} 19. e4 {[%emt 0:07:54]} cxd4 {[%emt 0:00:30]} 20. e5 {[%emt 0:00:07]} Nd5 {[%emt 0:00:44]} 21. Qxd4 {[%emt 0:03:57]} Nc5 {[%emt 0:01:10]} 22. Ba3 {[%emt 0:03:23]} Rcd8 {[%emt 0:02:06]} 23. Ne3 {[%emt 0:04:16]} Nxe3 {[%emt 0:00:30]} 24. Qxe3 {[%emt 0:00:05]} Rc8 {[%emt 0:02:51]} 25. Rc3 {[%emt 0:00:32]} Rfd8 {[%emt 0:00:22]} 26. Rec1 {[%emt 0:00:49]} Qd7 {[%emt 0:00:43]} 27. Bxc5 {[%emt 0:02:22]} bxc5 {[%emt 0:00:16]} 28. Bf3 {[%emt 0:03:55]} Bf5 {[%emt 0:00:43]} 29. Rxc5 {[%emt 0:03:04]} Rxc5 {[%emt 0:00:16]} 30. Qxc5 {[%emt 0:00:11]} Bh3 {[%emt 0:00:50]} 31. Qe3 {[%emt 0:01:39]} a5 {[%emt 0:00:47]} 32. Qe1 {[%emt 0:02:06]} Qd2 {[%emt 0:00:33]} 33. Qxd2 {[%emt 0:01:07]} Rxd2 {[%emt 0:00:04]} 34. a4 {[%emt 0:00:27]} Rb2 {[%emt 0:00:51]} 35. Rc8+ {[%emt 0:03:31]} Kh7 {[%emt 0:00:06]} 36. Be4+ {[%emt 0:00:05]} g6 {[%emt 0:00:53]} 37. Bc2 {[%emt 0:00:48]} Kg7 {[%emt 0:00:38]} 38. f3 {[%emt 0:00:28]} h5 {[%emt 0:00:19]} 39. Rc4 {[%emt 0:00:40]} Ra2 {[%emt 0:00:45]} 40. Rc5 {[%emt 0:01:03]} Rb2 {[%emt 0:00:24]} 41. Rc4 {[%emt 0:08:52]} Kh6 {[%emt 0:05:47]} 42. Rc7 {[%emt 0:06:36]} Kg7 {[%emt 0:01:12]} 1/2-1/2